000 01261nam a22003017a 4500
003 DO-SdBNP
005 20260313112256.0
007 ta
008 210913e201? ||||| |||| 001 0aspa
020 _a9789945915617
040 _aDO-SdBNP
_bspa
_cBNPHU
082 4 _222
_a861.5
_bOZ99r
100 1 _aOzuna, Margarita
_d1960 -
_979843
245 1 _aRugidos sociales /
_c Margarita Ozuna.
260 _aSanto Domingo :
_bEGE,
_c[2018].
300 _a63 p. :
_c22 cm.
500 _aIncluye índice de contenido.
505 _aIntroducción.
505 _aPrólogo.
_tMi ciudad--
_t¡Detente¡ --
_tElegía a Pedro Mir --
_tMi San Pedro --
_tAbatidos --
_tLibertad --
_tAvanzar --
_tEl deber --
_tEl esfuerzo --
_tLlanto de mi tierra --
_tSiembra --
_tLa doncella olvidada --
_tMadre fuente de Inspiración --
_tGracias Madre --
_tPerdido en el espacio --
_tEl vacío --
_tLa pasión --
_tUna flor con espinas --
_tActitud --
_tLa boda --
_tLa Juventud --
_tHimno del Liceo Don Pedro Mir --
590 _aInventariado, 2021 / SA
650 4 0 _aPoesía
_94503
650 4 _aPoesía española
_979844
650 4 _aLiteratura española
_9632
650 4 0 _aLiteratura dominicana.
_967
650 4 _aPoesía moderna
_vcontemporánea
_979845
910 _aSaquino
942 _2ddc
_cLBS1
999 _c50478
_d50478